| 000 | 00775cam a22002292 4500 | ||
|---|---|---|---|
| 001 | 0000003903 | ||
| 005 | 20151217145743.0 | ||
| 008 | 070516s xx 000 0 eng d | ||
| 020 |
_a048666144X : _cKES 4,675 |
||
| 040 |
_aKABU _cKABU |
||
| 050 | 0 |
_aQD96 _b.V53H37 |
|
| 100 | 1 |
_aHarris, Daniel C. _@0000154141 |
|
| 245 | 1 | 0 |
_aSymmetry and Spectroscopy : _ban introduction to vibrational and electronic spectroscopy / _cDaniel C. Harris and Michael D. Bertolucci. |
| 260 |
_aNew York : _bDover, _c1989. |
||
| 300 | _axii, 550 p. | ||
| 650 | 0 |
_aElectronic Specttroscopy. _@0000154142 |
|
| 650 | 0 |
_aSymmetry (Physics) _@0000154143 |
|
| 700 | 1 |
_aBertolucci, Michael D. _@0000154144 |
|
| 908 | _a070516 | ||
| 950 | _@1 | ||
| 999 |
_c2292 _d2292 |
||